Handbook of media and communication
| Main Author: | Gaur, Sanjay |
|---|---|
| Published: |
Jaipur:
Book Enclave,
2007.
|
| Subjects: |
| LEADER | 00563cam a2200169 7i4500 | ||
|---|---|---|---|
| 001 | 0000038966 | ||
| 005 | 20170218090000.0 | ||
| 020 | |a 9788181521811 (hbk.) | ||
| 090 | 0 | 0 | |a P90 |b .G38 2007 |
| 100 | 1 | |a Gaur, Sanjay | |
| 245 | 1 | 0 | |a Handbook of media and communication |c Sanjay Gaur. |
| 260 | |a Jaipur: |b Book Enclave, |c 2007. | ||
| 300 | |a 266 p.; |c 22 cm. | ||
| 650 | 0 | 0 | |a Mass media |
| 997 | |a Communication, Visual Art & Computing, Faculty |b Communication, Department | ||
| 998 | |a Media & Communication, Diploma | ||
| 999 | |a 0000043949 |b BOK |c REFERENCE |e Ground Floor, Bestari Jaya | ||


